000 00439nam a2200181Ia 4500
005 20250423094609.0
008 250422s9999 xx 000 0 und d
020 _a0- 534- 38800- 0
050 _aQH 308.2 .S72/
100 _aStarr, Cecie
245 0 _aBiology : the unity and diversity of life
250 _a10th ed.
260 _aCalifornia
260 _bThomson Brooks/ Cole
260 _c2004
300 _a933 p
942 _cBK
999 _c27716
_d27716